000 00962nam a2200241 i 4500
001 C2-0332025
003 PPAK
005 20180728132305.0
008 150709s2014 enk |||| ||||| | eng d
020 _a9780007433384
040 _aPPAK
_beng
_cPPAK
_erda
082 0 4 _a823
_223
090 0 0 _a823
_bSIL
_dG
100 1 _aSilva, Daniel,
_eauthor
245 1 4 _aThe english girl
264 1 _aLondon :
_bHarper ,
_c2014
300 _a499 pages ;
_c18 cm
336 _2rdacontent
_atext
337 _2rdamedia
_aunmediated
338 _2rdacarrier
_avolume520 \\
_aThe wayward son of Israeli intelligence, Gabriel Allon is plunged into a high stakes game of murder, espionage, and corruption after a beautiful young British woman vanishes on the island of Corsica, which threatens to destroy a p
650 1 0 _aEnglish Fiction. ; Allon, Gabriel ( Fictitious character) - Fiction. ; Intelligence officers - Fiction. ; Art restorers - Fiction
942 _ddc
_cB
999 _c130702
_d130702